LEADER 02299nam0 22003611i 450 001 UON00261177 005 20231205103712.901 100 $a20050210e1963 |0itac50 ba 101 $aeng 102 $aGB 105 $a||||0 ||||| 200 1 $aˆThe ‰life and death of Sr Thomas Moore, knight, sometymes lord high chancellor of England, written in the tyme of Queene Marie$fby Nicholas Harpsfield L.D. ; and now edited from eight manuscripts, with collations, textual notes, etc. / by Elsie Vaughan Hitchcock$gwith an introduction on the continuity of English prose from Alfred to More and his school, a life of Harpsfield, and historical notes$fby R.W. Chambers$gand with appendices, including the Rastell fragments, chiefly concerning Fisher$gThe news letter to Paris, describing the trial and death of More$gMore's indictment$gand More's epitaph 205 $aLondon$gNew York$gToronto : The Early English Text Society by the Oxford University Press 210 $accxxx$d400 p., [2] c. di tav. ; 23 cm 215 $aRipr. facs. dell'ed.: London, 1932. 410 1$1001UON00261187$12001 $aEarly English Text Society. Original Series$1210 $aLondon$aNew York ; Toronto$cOrford University Press$vNo. 186 606 $aTOMMASO MORO < santo >$xProcesso$3UONC039699$2FI 606 $aLETTERATURA NARRATIVA INGLESE$xStudi$3UONC043754$2FI 620 $aUS$dNew York$3UONL000050 620 $aCA$dToronto$3UONL000778 620 $aGB$dLondon$3UONL003044 676 $a923.2$cBiografie. Persone operanti nel campo della scienza politica e della politica$v21 700 1$aHARPSFIELD$bNicholas$3UONV152323$0193385 702 1$aCHAMBERS$bRaymond Wilson$3UONV152325 702 1$aHITCHCOCK$bElsie Vaughan$3UONV152324 712 $aEarly English Text Society$3UONV270626$4650 712 $aOxford University Press$3UONV245947$4650 801 $aIT$bSOL$c20240220$gRICA 899 $aSIBA - SISTEMA BIBLIOTECARIO DI ATENEO$2UONSI 912 $aUON00261177 950 $aSIBA - SISTEMA BIBLIOTECARIO DI ATENEO$dSI Angl II B MOR-HAR $eSI LO 33122 5 996 $aLife and death of Sr Thomas Moore, knight, sometymes lord high chancellor of England, written in the tyme of Queene Marie$91237320 997 $aUNIOR LEADER 01624nas 2200553- 450 001 996215032203316 005 20230215213018.0 011 $a1472-6807 035 $a(DE-599)ZDB2050440-8 035 $a(OCoLC)47666349 035 $a(CKB)111000136906074 035 $a(CONSER)--2001227316 035 $a(EXLCZ)99111000136906074 100 $a20010728b20012019 s-- a 101 0 $aeng 135 $aurcn||||||||| 181 $ctxt$2rdacontent 182 $cc$2rdamedia 183 $acr$2rdacarrier 200 00$aBMC structural biology 210 1$aLondon :$cBioMed Central,$d2001-2019. 300 $aRefereed/Peer-reviewed 300 $aTitle from BioMed Central archive volume screen (viewed February 13, 2002). 517 1 $aStructural biology 531 $aBMC STRUCT BIOL 531 $aBMC STRUCT. BIOL 531 10$aBMC Struct Biol 606 $aMolecular biology$vPeriodicals 606 $aMolecular Biology 606 $aMacromolecular Substances 606 $aModels, Structural 606 $aStructural Biology$2ebps 606 $aMolecular biology$2fast$3(OCoLC)fst01024734 608 $aPeriodical. 608 $aFulltext. 608 $aInternet Resources. 608 $aPeriodicals. 608 $aPeriodicals.$2fast 610 $aBiophysics 615 0$aMolecular biology 615 12$aMolecular Biology. 615 22$aMacromolecular Substances. 615 22$aModels, Structural. 615 7$aStructural Biology. 615 7$aMolecular biology. 906 $aJOURNAL 912 $a996215032203316 996 $aBMC structural biology$92112719 997 $aUNISA